00552nam a22001577a 4500003000400000008004100004020001800045082001800063245010600081260006300187300001100250650003400261650004100295650003900336700001900375OSt260625b |||||||| |||| 00| 0 eng d a9789391734008 a635.046bS61M aManagement of Postharvest Diseases and Value addition of horticultural Crops/ edited by Dinesh Singh aDelhi : bToday & Tomorrow Printers and Publishers,c2022. a368 p. aTechnology (Applied Sciences) aAgriculture and related technologies aHorticultural crops / Garden crops aSingh, Dinesh